| 000 -ლიდერი |
| ფიქსირებული სიგრძის საკონტროლო ველი |
01425nam a22001937a 4500 |
| 003 - საკონტროლო ნომრის იდენტიფიკატორი |
| საკონტროლო ველი |
Ge_BSU |
| 005 - ბოლო ოპერაციის თარიღი და დრო |
| საკონტროლო ველი |
20230310160451.0 |
| 008 - ფიქსირებული სიგრძის მონაცემთა ელემენტები - ზოგადი ინფორმაცია |
| ფიქსირებული სიგრძის საკონტროლო ველი |
230310s2001 ge ||||| |||| 00| 0 geo d |
| 020 ## - წიგნის საერთაშორისო სტანდარტული ნომერი |
| International Standard Book Number |
9992865504 |
| 041 ## - ენის კოდი |
| Language code of text/sound track or separate title |
geo |
| 080 ## - უნივერსალური ათობითი კლასიფიკაციის ინდექსი |
| Universal Decimal Classification number |
342.726 :061.215-055.2 ქ-19 |
| 245 ## - ცნობა სათაურის შესახებ |
| Title |
ქალის ადამიანის უფლებები ნაბიჯ-ნაბიჯ : |
| Remainder of title |
პრაქტ. სახელმძღვ. ადამიანის უფლებათა... დასაცავად : საერთ. ორგ. ქალები, კანონი და განვითარება და ადამიანის უფლებათა მეთვალყურის ქალის უფლებების პროექტი / |
| Statement of responsibility, etc |
[ავტ.: მერთუსი ჯულია, ბუტეგვა ფლორენს, თომასი დოროთი ქ., შულერი მარგარეტ ა. ; მთარგმნ.: მარი მესხი და ლია სანიკიძე]. |
| 264 ## - წარმოების, გამოცემის, დისტრიბუციის და სხვა ცნობები |
| გამოცემის, წარმოების, დისტრიბუციის... ადგილი |
თბილისი : |
| გამოცემის, წარმოების, დისტრიბუციის... სახელწოდება |
ლოგოს-პრესი, |
| გამოცემის, წარმოების, დისტრიბუციის... თარიღი |
2001. |
| 300 ## - ფიზიკური აღწერა |
| Extent |
224 გვ. ; |
| Other physical details |
25 სმ. |
| 653 ## - INDEX TERM--UNCONTROLLED |
| Uncontrolled term |
ქალთა უფლებები |
| 653 ## - INDEX TERM--UNCONTROLLED |
| Uncontrolled term |
ქალთა ორგანიზაციები |
| 700 ## - ADDED ENTRY--PERSONAL NAME |
| Personal name |
მერთუსი, ჯულია |
| Relator term |
ავტორი. |
| 9 (RLIN) |
17170 |
| 942 ## - ADDED ENTRY ELEMENTS (KOHA) |
| Source of classification or shelving scheme |
|
| Koha item type |
წიგნი |